LIBRARY & INFORMATION CENTRE, KCAET, TAVANUR

ONLINE PUBLIC ACCESS CATALOGUE (OPAC)

Renewable resources and renewable energy : a global challenge / (Record no. 13982)

MARC details
000 -LEADER
fixed length control field 00685cam a22002294a 4500
003 - CONTROL NUMBER IDENTIFIER
control field OSt
008 - FIXED-LENGTH DATA ELEMENTS--GENERAL INFORMATION
fixed length control field 240216b |||||||| |||| 00| 0 eng d
020 ## - INTERNATIONAL STANDARD BOOK NUMBER
ISBN 9781439840184 (alk. paper)
020 ## - INTERNATIONAL STANDARD BOOK NUMBER
ISBN 1439840180 (alk. paper)
041 ## - LANGUAGE CODE
Language code of text/sound track or separate title eng
082 00 - DEWEY DECIMAL CLASSIFICATION NUMBER
Classification number 621.47
Item number FOR/RE
245 00 - TITLE STATEMENT
Title Renewable resources and renewable energy : a global challenge /
250 ## - EDITION STATEMENT
Edition statement 2nd ed.
260 ## - PUBLICATION, DISTRIBUTION, ETC. (IMPRINT)
Place of publication Boca Raton :
Name of publisher CRC Press,
Year of publication c2012.
300 ## - PHYSICAL DESCRIPTION
Number of Pages xiv, 490 p. :
Other physical details ill. ;
650 #0 - SUBJECT ADDED ENTRY--TOPICAL TERM
Topical Term Renewable energy sources.
650 #0 - SUBJECT ADDED ENTRY--TOPICAL TERM
Topical Term Renewable natural resources.
650 #0 - SUBJECT ADDED ENTRY--TOPICAL TERM
Topical Term Biomass energy.
700 1# - ADDED ENTRY--PERSONAL NAME
Personal name Fornasiero, Paolo,
700 1# - ADDED ENTRY--PERSONAL NAME
Personal name Graziani, Mauro.
942 ## - ADDED ENTRY ELEMENTS (KOHA)
Koha item type Books
Holdings
Withdrawn status Lost status Damaged status Collection code Home library Current library Shelving location Date acquired Source of acquisition Full call number Accession Number Koha item type
      Non-fiction KAUAET KAUAET Shelf- 7A 30/03/2013 Neoti Book Agency 621.47 FOR/RE 23884 Books
free website counter